000 00437nam a2200181Ia 4500
003 OSt
005 20240120121749.0
008 210210b1958 xxu||||| |||| 00| 0 eng d
040 _cAL
041 _aeng
082 _a330/132
100 _aERHARD (Ludwig)
_9148539
245 _aProsperity through competition
260 _aMumbai
_bAsia Publishing House
_c1958
690 _aEconomics
_9148543
906 _a003535
942 _2ddc
_cBK
999 _c119263
_d119263